CompTIA RFID+ : Study guide

Gorde:
Xehetasun bibliografikoak
Egile nagusia:  Sweeney, Patrick J
Formatua: Sách
Hizkuntza:Undetermined
Argitaratua:  Wiley Pub  2007
Gaiak:
Etiketak: Etiketa erantsi
Etiketarik gabe, Izan zaitez lehena erregistro honi etiketa jartzen!
Thư viện lưu trữ: Trung tâm Thư viện - Trường Đại học Công nghiệp TP. Hồ Chí Minh
LEADER 00469nam a2200157Ia 4500
001 UIH_07390
008 231011s9999 xx 000 0 und d
082 |a  658.514 
100 |a  Sweeney, Patrick J 
245 0 |a  CompTIA RFID+ : Study guide 
245 0 |c  Sweeney, Patrick J 
260 |b  Wiley Pub 
260 |c  2007 
650 |a  Công nghệ;  
927 |a Sách 
980 |a Trung tâm Thư viện - Trường Đại học Công nghiệp TP. Hồ Chí Minh